| 000 | 00550nam a2200193Ia 4500 | ||
|---|---|---|---|
| 003 | GCL | ||
| 005 | 20240530103845.0 | ||
| 008 | 140319s9999 xx 000 0 ara d | ||
| 040 |
_aGCL / _cGCL |
||
| 082 | 0 | 4 |
_a810.9 _bن ط |
| 100 | 0 | _aنجاح عمر | |
| 245 | 1 | 0 |
_aطه حسين : ايام ومعارك / _cنجاح عمر |
| 300 | _a235 ص | ||
| 490 |
_aكتاب _v0 |
||
| 650 | 0 | 4 | _aطه حسين |
| 650 | 0 | 4 | _aالادب العربى - العصر الحديث |
| 650 | 0 | 4 | _aالادباء العرب - تاريخ ونقد |
| 942 |
_2ddc _cBK |
||
| 999 |
_c43008 _d43008 |
||